Представление документа в формате MARC21

ПолеНазваниеЗначение
  Тип записи a
  Библиографический уровень m
001 Контрольный номер RU\infra-m\znanium\bibl\2223625
005 Дата корректировки 20260429142109.8
008 Кодируемые данные 251103s2025 RU g rus u
020 Индекс ISBN __
a ISBN 978-5-16-021409-2
020 Индекс ISBN __
a ISBN 978-5-16-114096-3 (электр. издание)
040 Источник каталогиз. __
a Служба первич. каталог. Общество с ограниченной ответственностью «ЗНАНИУМ»
041 Код языка издания __
a Код языка текста rus
044 Код страны публикации __
a Код страны публикации RU
080 Индекс УДК __
a Индекс УДК 681.5(075.8)
084 Индекс другой классификации/Индекс ББК __
2 Источник индекса rubbk
a Индекс другой классификации/Индекс ББК 32.965я73
084 Индекс другой классификации/Индекс ББК __
2 Источник индекса okso
a Индекс другой классификации/Индекс ББК 26.05.02
084 Индекс другой классификации/Индекс ББК __
2 Источник индекса okso
a Индекс другой классификации/Индекс ББК 26.05.04
084 Индекс другой классификации/Индекс ББК __
2 Источник индекса okso
a Индекс другой классификации/Индекс ББК 26.05.06
084 Индекс другой классификации/Индекс ББК __
2 Источник индекса okso
a Индекс другой классификации/Индекс ББК 26.05.07
100 Автор __
a Автор Осадчий Ю.М.
q Полное имя Осадчий Юрий Михайлович
u Дополнение ЧЕРНОМОРСКОЕ ВЫСШЕЕ ВОЕННО-МОРСКОЕ ОРДЕНОВ НАХИМОВА и КРАСНОЙ ЗВЕЗДЫ УЧИЛИЩЕ ИМЕНИ П.С.НАХИМОВА Министерство обороны Российской Федерации
245 Заглавие __
a Заглавие Основы автоматики и теории управления техническими системами
b Продолж. заглавия Учебное пособие
c Ответственность ЧЕРНОМОРСКОЕ ВЫСШЕЕ ВОЕННО-МОРСКОЕ ОРДЕНОВ НАХИМОВА и КРАСНОЙ ЗВЕЗДЫ УЧИЛИЩЕ ИМЕНИ П.С.НАХИМОВА Министерство обороны Российской Федерации
250 Сведения об издании __
a Основные сведения об издании 1
260 Выходные данные __
a Место издания Москва
b Издательство ООО "Научно-издательский центр ИНФРА-М"
c Дата издания 2026
300 Физическое описание __
a Объем 233 с.
440 Серия __
a Серия Военное образование (ЧВВМУ им. Нахимова)
520 Аннотация __
a Аннотация Учебное пособие составлено в соответствии с программой изучения дисциплины «Основы автоматики и теории управления техническими системами». Содержит теоретические сведения примеры функциональных схем судовых автоматических систем постановок и решения задач анализа и синтеза непрерывных и дискретных систем осуществляющих управление по отклонению. Соответствует требованиям федеральных государственных образовательных стандартов высшего образования последнего поколения. Предназначено для студентов высших морских технических учебных заведений.
521 Примеч. о цел. назн. __
a Примеч. о целев. назн. Профессиональное образование
650 Тематические рубрики __
a Основная рубрика Радиоэлектроника. Автоматика. Связь
x Основная подрубрика Автоматика
655 Указ. предметных рубрик (устаревшее) __
a Жанр/ форма (устаревшее) Учебное пособие
856 Электронный адрес документа 4_
a Имя сервера/домена znanium.ru
m Помощь ebs_support@infra-m.ru
n Местонахождение сервера НИЦ ИНФРА-М
u URL https://znanium.ru/catalog/document?id=471831
856 Электронный адрес документа 48
a Имя сервера/домена znanium.ru
d Путь /cover/2223
f Электронное имя 2223625.jpg
q Тип электронного формата image/jpeg
u URL https://znanium.ru/cover/2223/2223625.jpg
911 __
u 0030=https://znanium.ru/catalog/document?id=471831